Implementation of the "Law Enforcement Officers Safety Act of 2004" (Pub. L. no. 108-277) and additional legislative efforts aimed at expanding the authority to carry concealed firearms : hearing before the Subcommittee on Crime, Terrorism, and Homeland Security of the Committee on the Judiciary, House of Representatives, One Hundred Tenth Congress, first session, September 6, 2007.

Bibliographic Details
Corporate Authors: United States. Congress. House. Committee on the Judiciary. Subcommittee on Crime, Terrorism, and Homeland Security, ProQuest (Firm)
Format: eBook
Language:English
Published: Washington : U.S. G.P.O. : 2008.
Series:U.S. Congressional Hearings.
Subjects:
Online Access:Connect to the full text of this electronic book

MARC

Tag First Indicator Second Indicator Subfields
LEADER 00000cam a22000001a 4500
001 in00003274521
005 20190404201524.0
006 m d f
007 cr bn mmmapmmp
008 110909s2008 dcua o f000 0 eng d
035 |a chdc200900370 
040 |a ProQuest  |c ProQuest  |d UtOrBLW 
043 |a n-us--- 
074 |a 1020-A 
088 |a Serial no. 110-120 (United States. Congress. House. Committee on the Judiciary) 
099 |a HRG-2007-HJH-0093 
110 1 |a United States.  |b Congress.  |b House.  |b Committee on the Judiciary.  |b Subcommittee on Crime, Terrorism, and Homeland Security. 
245 1 0 |a Implementation of the "Law Enforcement Officers Safety Act of 2004" (Pub. L. no. 108-277) and additional legislative efforts aimed at expanding the authority to carry concealed firearms :  |b hearing before the Subcommittee on Crime, Terrorism, and Homeland Security of the Committee on the Judiciary, House of Representatives, One Hundred Tenth Congress, first session, September 6, 2007. 
264 1 |a Washington :  |b U.S. G.P.O. :  |c 2008. 
264 2 |a Washington :  |b For sale by the Supt. of Docs., U.S. G.P.O., 
300 |a 1 online resource. 
336 |a text  |b txt  |2 rdacontent 
337 |a computer  |b c  |2 rdamedia 
338 |a online resource  |b cr  |2 rdacarrier 
500 |a Shipping list number: 2009-0093-P. 
500 |a "Serial number 110-120." 
500 |a Reuse of record except for individual research requires license from ProQuest, LLC. 
500 |a Electronic resource. 
538 |a System requirements: PDF reader software. 
610 1 0 |a United States.  |t Law Enforcement Officers Safety Act of 2004. 
610 1 0 |a United States.  |b Department of Justice  |x Officials and employees  |x Legal status, laws, etc.  |z United States. 
650 0 |a Firearms  |x Law and legislation  |z United States. 
650 0 |a Police  |x Protection  |z United States. 
650 0 |a Firearms ownership  |x Government policy  |z United States. 
655 7 |a Electronic books.  |2 local 
710 2 |a ProQuest (Firm) 
776 0 8 |i Print version:  |a United States.Congress.House.Committee on the Judiciary.Subcommittee on Crime, Terrorism, and Homeland Security.  |t Implementation of the "Law Enforcement Officers Safety Act of 2004" (Pub. L. no. 108-277) and additional legislative efforts aimed at expanding the authority to carry concealed firearms  |w (DLC)2008397750  |w (OCoLC)276426216  |z 9780160820168  |z 0160820162 
776 0 8 |i Microfiche version:  |a United States.Congress.House.Committee on the Judiciary.Subcommittee on Crime, Terrorism, and Homeland Security.  |t Implementation of the "Law Enforcement Officers Safety Act of 2004" (Pub. L. no. 108-277) and additional legislative efforts aimed at expanding the authority to carry concealed firearms  |d [Bethesda, Md.] : ProQuest LLC, [2004]  |o CIS 2009 H521-1  |w (ProQuest)cis00900710 
830 0 |a U.S. Congressional Hearings. 
856 4 0 |u http://proxy.library.tamu.edu/login?url=http://congressional.proquest.com/congcomp/getdoc?HEARING-ID=HRG-2007-HJH-0093  |z Connect to the full text of this electronic book  |t 0 
998 |a cis00900710 
999 |a MARS 
999 f f |s 801bdc25-579f-3a97-9027-674e27b95813  |i ce256df9-f914-3fac-a228-79e03afaf6a0  |t 0 
952 f f |a Texas A&M University  |b College Station  |c Electronic Resources  |d Available Online  |t 0  |e HRG-2007-HJH-0093  |h Other scheme 
998 f f |a HRG-2007-HJH-0093  |t 0  |l Available Online